00567nam a2200205 a 4500001001300000003000900013005001700022008004100039020002500080082001700105100002400122245008100146260003200227300000900259500003500268505001000303650001000313650001400323700002400337nice12345678IN_TiNIC20260116013119.0050524s1994 lona grp 000 0 eng  a0700773 c949.500a297.211bNET aNetton, Ian Richard aAllah Transcendentb Studies in the Structure and Semiotics of Islamic Philo aLondonbCurzon Press c1994 a383p aincludes index and biblioraphy2 aindex aAllah aGod-Islam1 aNetton, Ian Richard